LEADER 01456nam0-22005411i-450 001 990000766810403321 005 20211007104700.0 010 $a88-08-03122-5 035 $a000076681 035 $aFED01000076681 035 $a(Aleph)000076681FED01 100 $a20020821d1978----km-y0itay50------ba 101 1 $aita 102 $aIT 105 $aa-------001yy 200 1 $aAlvar Aalto$fa cura di Karl Fleig 210 $aBologna$cZanichelli$d1978 215 $a209 p.$cill.$d21 cm 225 1 $aSerie di architettura$v3 300 $aTrad. di Paola Bertocchini 610 0 $aAalto, Alvar 610 0 $aArchitettura$aFinlandia 676 $a720.947 702 1$aAalto,$bAlvar$f<1898-1976> 702 1$aFleig,$bKarl 702 1$aBertocchini,$bPaola 801 0$aIT$bUNINA$gRICA$2UNIMARC 901 $aBK 912 $a990000766810403321 952 $a08 N 130$b463$fDINED 952 $a01 DA 4065$b04533$fDINST 952 $aMON B 249$b11109$fFARBC 952 $aMON B 530$b14672$fFARBC 952 $a21 A 18 43$b844/b221$fDINPU 952 $a10.278$b1036$fDARST 952 $aI(FN) A 103$b2754$fDCATA 952 $aB 1365 CAN$b5117$fDARPU 952 $aMTD 988$b2137/285$fDARPU 952 $aPICONE 205$bPIC 205$fDARPU 959 $aFARBC 959 $aDINPU 959 $aDINST 959 $aDINED 959 $aDARST 959 $aDCATA 959 $aDARPU 996 $aALVAR Aalto$9324622 997 $aUNINA LEADER 02470nas 2200757-a 450 001 9910449240303321 005 20231120133228.0 011 $a1860-7349 035 $a(OCoLC)62384584 035 $a(CKB)1000000000210617 035 $a(CONSER)--2007252828 035 $a(DE-599)ZDB2222555-9 035 $a(EXLCZ)991000000000210617 100 $a20051130a20069999 sy a 101 0 $aeng 135 $aurmnu|||||||| 181 $ctxt$2rdacontent 182 $cc$2rdamedia 183 $acr$2rdacarrier 200 00$aText and talk$b[ejournal] 210 $aBerlin $cWalter de Gruyter 210 $aBerlin, Germany $cDe Gruyter Mouton 300 $a"An interdisciplinary journal of language, discourse, & communication studies." 300 $aRefereed/Peer-reviewed 311 $a1860-7330 517 1 $aText and talk [ejournal] 531 $aTEXT & TALK 531 $aTEXT AND TALK - AN INTERDISCIPLINARY JOURNAL OF LANGUAGE, DISCOURSE AND COMMUNICATION STUDIES 531 $aTEXT AND TALK - AN INTERDISCIPLINARY JOURNAL OF LANGUAGE, DISCOURSE & COMMUNICATION STUDIES 531 $aTEXT TALK 606 $aDiscourse analysis$vPeriodicals 606 $aCommunication$vPeriodicals 606 $aLanguage and languages$vPeriodicals 606 $aCommunication$vPériodiques 606 $aLangage et langues$vPériodiques 606 $aCommunication$2fast$3(OCoLC)fst00869952 606 $aDiscourse analysis$2fast$3(OCoLC)fst00894932 606 $aLanguage and languages$2fast$3(OCoLC)fst00992154 606 $aTaal$2gtt 606 $aCommunicatie$2gtt 606 $aAnalyse du discours$2rasuqam 606 $aCommunication$2rasuqam 606 $aDiscours$2rasuqam 606 $aRecherche interdisciplinaire$2rasuqam 608 $aPeriodicals.$2lcgft 608 $aPeriodicals.$2fast 610 $aPhilology & Linguistics 615 0$aDiscourse analysis 615 0$aCommunication 615 0$aLanguage and languages 615 6$aCommunication 615 6$aLangage et langues 615 7$aCommunication. 615 7$aDiscourse analysis. 615 7$aLanguage and languages. 615 17$aTaal. 615 17$aCommunicatie. 615 7$aAnalyse du discours. 615 7$aCommunication. 615 7$aDiscours. 615 7$aRecherche interdisciplinaire. 676 $a401.41 906 $aJOURNAL 912 $a9910449240303321 996 $aText and Talk$9787362 997 $aUNINA